<?xml version="1.0" encoding="UTF-8"?>
<record
    xmlns:xsi="http://www.w3.org/2001/XMLSchema-instance"
    xsi:schemaLocation="http://www.loc.gov/MARC21/slim http://www.loc.gov/standards/marcxml/schema/MARC21slim.xsd"
    xmlns="http://www.loc.gov/MARC21/slim">

  <leader>03331nam a2200577Ia 4500</leader>
  <controlfield tag="001">5443</controlfield>
  <controlfield tag="008">241029s9999    xx            000 0 und d</controlfield>
  <datafield tag="010" ind1=" " ind2=" ">
    <subfield code="a">5137</subfield>
  </datafield>
  <datafield tag="041" ind1=" " ind2=" ">
    <subfield code="a">Espa&#xF1;ol</subfield>
  </datafield>
  <datafield tag="082" ind1=" " ind2=" ">
    <subfield code="a">n/a</subfield>
  </datafield>
  <datafield tag="245" ind1=" " ind2="0">
    <subfield code="a">El discurso po&#xE9;tico de Tony Raful, valores est&#xE9;ticos de su producci&#xF3;n po&#xE9;tica en el marco de la Generaci&#xF3;n del 60.</subfield>
  </datafield>
  <datafield tag="260" ind1=" " ind2=" ">
    <subfield code="a">Duarte</subfield>
  </datafield>
  <datafield tag="300" ind1=" " ind2=" ">
    <subfield code="a">123</subfield>
  </datafield>
  <datafield tag="520" ind1=" " ind2=" ">
    <subfield code="a">26</subfield>
  </datafield>
  <datafield tag="630" ind1=" " ind2=" ">
    <subfield code="a">An&#xE1;lisis Sem&#xE1;ntico</subfield>
  </datafield>
  <datafield tag="630" ind1=" " ind2=" ">
    <subfield code="a">Competencia Ling&#xFC;&#xED;stica</subfield>
  </datafield>
  <datafield tag="630" ind1=" " ind2=" ">
    <subfield code="a">Comprensi&#xF3;n de Textos</subfield>
  </datafield>
  <datafield tag="630" ind1=" " ind2=" ">
    <subfield code="a">Comprensi&#xF3;n Lectora</subfield>
  </datafield>
  <datafield tag="630" ind1=" " ind2=" ">
    <subfield code="a">Comunicaci&#xF3;n</subfield>
  </datafield>
  <datafield tag="650" ind1=" " ind2=" ">
    <subfield code="a">Lengua Espa&#xF1;ola</subfield>
  </datafield>
  <datafield tag="690" ind1=" " ind2=" ">
    <subfield code="a">Sintetizado</subfield>
  </datafield>
  <datafield tag="700" ind1=" " ind2=" ">
    <subfield code="e">asesor</subfield>
    <subfield code="a"> P&#xE9;rez, Odal&#xED;s</subfield>
  </datafield>
  <datafield tag="700" ind1=" " ind2=" ">
    <subfield code="e">autor</subfield>
    <subfield code="a">Mar&#xED;a Blanco, Detty Llonka</subfield>
  </datafield>
  <datafield tag="700" ind1=" " ind2=" ">
    <subfield code="e">autor</subfield>
    <subfield code="a">Germ&#xE1;n Abreu, Jasm&#xED;n Albania</subfield>
  </datafield>
  <datafield tag="901" ind1=" " ind2=" ">
    <subfield code="a">{"1":"Mar&#xED;a Blanco","2":"Germ&#xE1;n Abreu"}</subfield>
    <subfield code="b">{"1":"Detty Llonka","2":"Jasm&#xED;n Albania"}</subfield>
  </datafield>
  <datafield tag="902" ind1=" " ind2=" ">
    <subfield code="a">1</subfield>
  </datafield>
  <datafield tag="903" ind1=" " ind2=" ">
    <subfield code="a">{"1":" P&#xE9;rez"}</subfield>
    <subfield code="b">{"1":"Odal&#xED;s"}</subfield>
  </datafield>
  <datafield tag="904" ind1=" " ind2=" ">
    <subfield code="a">Maestr&#xED;a en</subfield>
  </datafield>
  <datafield tag="905" ind1=" " ind2=" ">
    <subfield code="a">Ling&#xFC;&#xED;stica y Literatura</subfield>
  </datafield>
  <datafield tag="906" ind1=" " ind2=" ">
    <subfield code="a">2</subfield>
  </datafield>
  <datafield tag="907" ind1=" " ind2=" ">
    <subfield code="a">NO APLICA</subfield>
  </datafield>
  <datafield tag="908" ind1=" " ind2=" ">
    <subfield code="a">NO APLICA</subfield>
  </datafield>
  <datafield tag="909" ind1=" " ind2=" ">
    <subfield code="a">Centro Universitario Regional del Nordeste, CURNE (UASD)</subfield>
  </datafield>
  <datafield tag="910" ind1=" " ind2=" ">
    <subfield code="a">NULL</subfield>
    <subfield code="b">NULL</subfield>
  </datafield>
  <datafield tag="911" ind1=" " ind2=" ">
    <subfield code="a">["1"]</subfield>
  </datafield>
  <datafield tag="912" ind1=" " ind2=" ">
    <subfield code="a">NO APLICA</subfield>
  </datafield>
  <datafield tag="913" ind1=" " ind2=" ">
    <subfield code="a">NULL</subfield>
  </datafield>
  <datafield tag="914" ind1=" " ind2=" ">
    <subfield code="a">01 de Diciembre de 2015</subfield>
  </datafield>
  <datafield tag="915" ind1=" " ind2=" ">
    <subfield code="a">08/12/19 07:12</subfield>
  </datafield>
  <datafield tag="916" ind1=" " ind2=" ">
    <subfield code="a">NULL</subfield>
  </datafield>
  <datafield tag="917" ind1=" " ind2=" ">
    <subfield code="a">NULL</subfield>
  </datafield>
  <datafield tag="918" ind1=" " ind2=" ">
    <subfield code="a">NO APLICA</subfield>
  </datafield>
  <datafield tag="919" ind1=" " ind2=" ">
    <subfield code="a">["15","37","42","43","230"]</subfield>
  </datafield>
  <datafield tag="520" ind1=" " ind2=" ">
    <subfield code="a">El prop&#xF3;sito general de la investigaci&#xF3;n fue analizar el discurso po&#xE9;tico de Tony Raful, y evaluar los valores est&#xE9;ticos de su producci&#xF3;n po&#xE9;tica en el marco de la generaci&#xF3;n del 60.&#xA0;Para realizar este estudio se tom&#xF3; como muestra &#xA0;la producci&#xF3;n po&#xE9;tica del autor investigado. Se analizaron los aspectos de la poes&#xED;a social que caracteriza la obra de Raful y los elementos est&#xE9;ticos y literarios que configuran esta poes&#xED;a. La metodolog&#xED;a que se us&#xF3; consisti&#xF3; en un dise&#xF1;o documental de tipo cualitativo. El m&#xE9;todo usado es el bibliogr&#xE1;fico documental, la t&#xE9;cnica empleada es el an&#xE1;lisis po&#xE9;tico con el an&#xE1;lisis estructural y la t&#xE9;cnica pragm&#xE1;tica del an&#xE1;lisis del discurso po&#xE9;tico.Se concluye que, las manifestaciones de los elementos est&#xE9;ticos -literarios, es decir, de la expresi&#xF3;n connotativa con funciones literarias es predominante en cada uno de los poemas analizados, los cuales aluden a contenidos de car&#xE1;cter socio-hist&#xF3;ricos y pol&#xED;ticos analizados. El autor externa los aspectos sociales en que se hallaba sumergido, vali&#xE9;ndose de los elementos literarios para hacer un discurso, una obra ce&#xF1;ida a los principios de la expresi&#xF3;n de la belleza a trav&#xE9;s de la poes&#xED;a.A trav&#xE9;s de la poes&#xED;a abril, "Caminante", es el poema que &#xA0;mejor sit&#xFA;a a Raful, se identifican los valores po&#xE9;ticos del plano sem&#xE1;ntico y concretamente hacia la met&#xE1;fora. Tambi&#xE9;n se emplean la cr&#xED;tica social y hace de la entramada un discurso cr&#xED;tico de la generaci&#xF3;n de los 60. Con este estudio, se demuestra que la poes&#xED;a producida por el autor tiene altos valores y est&#xE1; muy alejada de la producci&#xF3;n panfletaria con que algunos cr&#xED;ticos literarios han etiquetado los escritores predominantes en la generaci&#xF3;n del 60.</subfield>
  </datafield>
  <datafield tag="921" ind1=" " ind2=" ">
    <subfield code="a">28</subfield>
  </datafield>
  <datafield tag="922" ind1=" " ind2=" ">
    <subfield code="a">28</subfield>
  </datafield>
  <datafield tag="923" ind1=" " ind2=" ">
    <subfield code="a">0</subfield>
  </datafield>
  <datafield tag="924" ind1=" " ind2=" ">
    <subfield code="a">NO APLICA</subfield>
  </datafield>
  <datafield tag="942" ind1=" " ind2=" ">
    <subfield code="c">Tesis</subfield>
  </datafield>
  <datafield tag="999" ind1=" " ind2=" ">
    <subfield code="c">5137</subfield>
    <subfield code="d">5137</subfield>
  </datafield>
</record>
